| 000 | 00344nam a2200133Ia 4500 | ||
|---|---|---|---|
| 005 | 20260328101516.0 | ||
| 008 | 260328s9999||||xx |||||||||||||| ||und|| | ||
| 100 | _aCetto, Max L. | ||
| 245 | 0 |
_aModern Architecture in Mexico / _cMax L. Cetto |
|
| 260 | _bFrederick A. Praeger | ||
| 300 | _a224 p. | ||
| 650 | _aARQUITECTURA REGIONAL | ||
| 942 | _cBK | ||
| 999 |
_c9365 _d9365 |
||